Le droit privé francais au milieu du XXe siécle

Salvato in:
Dettagli Bibliografici
Autore principale: Ripert, Georges (Autore)
Natura: Libro
Lingua:francese
Pubblicazione: París Librairie Générale de Droit et de Jurisprudence 1950
Soggetti:
Tags: Aggiungi Tag
Nessun Tag, puoi essere il primo ad aggiungerne!!

MARC

LEADER 00000nam a2200000 a 4500
001 UCS1297
003 CL-VaPUC
008 970509e19500000FR |||||||||||||||||fre|d
082 0 4 |a 346.44  |b RIP  |2 21 
100 0 |a Ripert, Georges  |e author  |9 385631 
245 1 3 |a Le droit privé francais au milieu du XXe siécle 
300 |a 2 v 
942 |c BK 
945 |d 19970509 00:00:00  |a paguirre 
260 |a París  |b Librairie Générale de Droit et de Jurisprudence  |c 1950 
500 |a v.1: Etudes générales. Droit de la famille 
500 |a v.2: La propiété. Contrats et obligations. La vie économique 
650 0 |a Derecho civil  |9 255013 
650 0 |a Teoría del derecho  |9 255982 
650 0 |a Derecho positivo  |9 255911 
650 0 |a Tribunales  |9 254872 
650 0 |a Derecho de familia  |9 255603 
650 7 |a MATRIMONIO  |2 CL-VaPUC  |9 385632 
650 0 |a Filiación  |9 256647 
650 0 |a Propiedad   |9 255268 
650 0 |a Contratos  |9 255153 
650 0 |a Obligaciones   |9 255578 
650 0 |a Derecho comercial   |9 256340 
651 0 |a Francia  |9 255157 
583 |a last modification  |c 19970509 00:00:00  |k Rodrigo Vera 
999 |c 259394  |d 259392 
952 |0 0  |1 0  |4 0  |6 346_440000000000000_RIP_1950  |7 0  |8 X  |9 284106  |a BIBDER  |b BIBDER  |d 2019-11-19  |h v.1  |i 1843826  |o 346.44 RIP 1950  |p 1843826  |r 2023-01-25  |w 2019-11-19  |y BK_X  |k DER 
952 |0 0  |1 0  |4 0  |6 346_440000000000000_RIP_1950  |7 0  |8 X  |9 284107  |a BIBDER  |b BIBDER  |d 2019-11-19  |h v.2  |i 1843834  |o 346.44 RIP 1950  |p 1843834  |r 2023-01-25  |w 2019-11-19  |y BK_X  |k DER